The making of an Expert Engineer (Record no. 330358)

000 -LEADER
fixed length control field 00572nam a22001577a 4500
003 - CONTROL NUMBER IDENTIFIER
control field NUST
005 - DATE AND TIME OF LATEST TRANSACTION
control field 20170622110645.0
008 - FIXED-LENGTH DATA ELEMENTS--GENERAL INFORMATION
fixed length control field 170622b xxu||||| |||| 00| 0 eng d
020 ## - INTERNATIONAL STANDARD BOOK NUMBER
International Standard Book Number 9781138026926
040 ## - CATALOGING SOURCE
Transcribing agency 0
082 ## - DEWEY DECIMAL CLASSIFICATION NUMBER
Classification number 620 TRE
100 ## - MAIN ENTRY--PERSONAL NAME
Personal name Trevelyan, James P.
9 (RLIN) 3062
245 ## - TITLE STATEMENT
Title The making of an Expert Engineer
Statement of responsibility, etc. James P.Trevelyan
260 ## - PUBLICATION, DISTRIBUTION, ETC.
Place of publication, distribution, etc. London
Name of publisher, distributor, etc. CRC Press
Date of publication, distribution, etc. 2014
300 ## - PHYSICAL DESCRIPTION
Extent xxix, 581 p.
500 ## - GENERAL NOTE
General note Includes index
501 ## - WITH NOTE
With note P.B
650 ## - SUBJECT ADDED ENTRY--TOPICAL TERM
Topical term or geographic name entry element 1. Computer--aided engineering. 2. Engineering design---Data Processing.
9 (RLIN) 3063
942 ## - ADDED ENTRY ELEMENTS (KOHA)
Koha item type Book
Source of classification or shelving scheme
Call number prefix IESE
Holdings
Withdrawn status Lost status Source of classification or shelving scheme Damaged status Not for loan Collection code Permanent Location Current Location Shelving location Date acquired Total Checkouts Full call number Barcode Date last seen Date last checked out Price effective from Koha item type
            Institute of Environmental Science and Engineering (IESE) Institute of Environmental Science and Engineering (IESE) General Stacks 06/22/2017 1 620 TRE IESE-3887 11/21/2024 11/06/2024 06/22/2017 Book
© 2023 Central Library, National University of Sciences and Technology. All Rights Reserved.